000 00763nam a22002411 4500
001 30310
003 BD-RjUL
005 20211209051538.0
008 140409r19631962njua b 001 0 eng d
035 _a(BD-RjUL)30395
040 _aDLC
_cDLC
_dDLC
_dBD-RjUL
_beng
041 _aeng
082 0 0 _a371.3944
_bDEI 1963
100 1 _aDeterline, William Alexander.
_992141
245 1 3 _aAn introduction to programed instruction /
_cWilliam Alexander, Deterline.
260 _aEnglewood Cliffs, N.J. :
_bPrentice-Hall,
_c1962 [reprinted 1963].
300 _ax, 131 p. :
_bill. ;
_c22 cm.
504 _aIncludes bibliographical references and index.
650 0 _aProgrammed instruction.
_992142
942 _2ddc
_cBK
999 _c30310
_d30310